000 00725cam8a220025300 4500
001 lce01124816
008 720320s1971 mdua b 001 0 eng
010 _a 79174749
020 _a0683052047
035 _a(Sirsi) r23675
035 _a(DLC) 79174749
035 _a(UPRA)lce01124816
040 _dUPRA
050 0 _aRC565
_b.L68
082 _a617
100 1 _aLowenfels, Albert B.
_6A85386.1
245 1 4 _aThe alcoholic patient in surgery /
_c[by] Albert B. Lowenfels.
260 _aBaltimore :
_bWilliams & Wilkins,
_c[c1971]
504 _aIncludes bibliographies.
650 0 _aAlcoholism.
_6S6803.1
650 0 _aSurgery.
_6S104.1
949 _aRC565
_wLC
_i-23084
_mMEDICAL
_tBOOK
_lON-SHELF
004 23675
999 _c42323
_d42323